Catalog

Record Details

Catalog Search



Available copies

  • 4 of 6 copies available at LARL/NWRL Consortium.

Current holds

0 current holds with 6 total copies.

Show Only Available Copies
Location Call Number / Copy Notes Barcode Shelving Location Status Due Date
Godel Memorial-Warren Library e ASC (Text) 35500005364839 Main Available -
Greenbush Public Library e ASC (Text) 35500005364748 Main Available -
Red Lake Falls Public Library e ASC (Text) 35500005364847 Main Checked out 06/16/2026
Thief River Falls Public Library e ASC (Text) 35500005364755 Main Available -
Thief River Falls Public Library e ASC (Text) 35500005364813 Main Checked out 06/09/2026
Warroad Public Library e ASC (Text) 35500005364821 Main Available -

Record details

  • ISBN: 9781442466470 (hardback)
  • Physical Description: pages cm.
  • Edition: First Aladdin hardcover edition.
  • Publisher: New York : Aladdin, 2014.

Content descriptions

Summary, etc.:
When Bear tries to see the sunrise but always ... Read More
Subject: Sun > Rising and setting > Fiction.
Bedtime > Fiction.
Bears > Fiction.
Birds > Fiction.
LDR 01892cam a22004338i 4500
001163259
003LARL_NWRL_CONSORTIUM
00520130725200230.0
008130725s2014 nyu b 000 1 eng
010 . ‡a2013024840
020 . ‡a9781442466470 (hardback)
040 . ‡aDLC ‡beng ‡cDLC ‡erda
042 . ‡alcac ‡apcc
049 . ‡aNRG
05000. ‡aPZ7.A778 ‡bMos 2014
08200. ‡a[E] ‡223
1001 . ‡aAsch, Frank, ‡eauthor, ‡eillustrator. ‡0(LARL_NWRL_CONSORTIUM)54497
24510. ‡aMoonbear's sunrise / ‡cFrank Asch.
250 . ‡aFirst Aladdin hardcover edition.
260 . ‡aNew York : ‡bAladdin, ‡c2014.
300 . ‡apages cm.
336 . ‡atext ‡2rdacontent
336 . ‡astill image ‡2rdacontent
337 . ‡aunmediated ‡2rdamedia
338 . ‡avolume ‡2rdacarrier
4900 . ‡aMoonbear
520 . ‡aWhen Bear tries to see the sunrise but always oversleeps, Little Bird makes a suggestion.
651 1. ‡aSun ‡xRising and setting ‡vFiction.
650 1. ‡aBedtime ‡vFiction.
650 1. ‡aBears ‡vFiction. ‡0(LARL_NWRL_CONSORTIUM)168958
650 1. ‡aBirds ‡vFiction. ‡0(LARL_NWRL_CONSORTIUM)171000
901 . ‡a163259 ‡bISxN ‡c163259 ‡tbiblio

Additional Resources